000 00783nam a2200193 4500
005 20250823062518.0
999 _c3807
_d3807
008 160811b xxu||||| |||| 00| 0 eng d
022 _a01153153
082 _aDPer 150.5 P53 June-Dec 2013 v. 46, n. 1 & 2
100 _912667
_aKintanar, Niel Steve M.
243 _a
245 _aComparing relationship satisfaction and conflict resolution tactics of Filipino gay, lesbian, and heterosexual individuals in Romantic relationship/
_cNiel Steve M. Kintanar.
260 _aQuezon City:
_bPsychological Association of the Philippines,
_c©2013.
300 _av46 n2, pages 133-148;
_c24 cm.
500 _aPhilippine Journal of Psychology.
650 0 _aConflict resolution.
_912669
650 0 _919399
_aSame-sex marriage
942 _2ddc
_cPER